| 000 | 00699nam a2200229Ia 4500 | ||
|---|---|---|---|
| 005 | 20260429112148.0 | ||
| 008 | 260429s9999||||xx |||||||||||||| ||und|| | ||
| 020 | _a9781009564137 | ||
| 041 | _aEnglish | ||
| 082 |
_a809.03 _bBHA |
||
| 100 | _aBhattacharya, Baidik | ||
| 245 | 0 |
_aColonialism, world literature, and the making of the modern culture of letters / _cBaidik Bhattacharya |
|
| 250 | _a1st ed. | ||
| 260 |
_aUnited Kingdom : _bCambridge University Press, _c2024. |
||
| 300 | _axii, 290 p.; pbk | ||
| 440 | _aCambridge studies in world literature | ||
| 650 | _a Letters | ||
| 650 | _a Modern culture | ||
| 650 | _aModern literarure | ||
| 700 | _aGanguly, Debjani | ||
| 942 | _cTB | ||
| 999 |
_c52672 _d52672 |
||